El ciclo de la tierra: minerales, materiales, reciclado, contaminación ambiental
Wedi'i Gadw mewn:
| Prif Awdur: | |
|---|---|
| Fformat: | Llyfr |
| Iaith: | Sbaeneg |
| Cyhoeddwyd: |
Buenos Aires
Fondo de Cultura Económica
2000
|
| Rhifyn: | 1a. ed |
| Cyfres: | Colección Popular, 581
|
| Pynciau: | |
| Tagiau: |
Ychwanegu Tag
Dim Tagiau, Byddwch y cyntaf i dagio'r cofnod hwn!
|
MARC
| LEADER | 00000nam a2200000 a 4500 | ||
|---|---|---|---|
| 001 | UCI6740 | ||
| 003 | CL-VaPUC | ||
| 008 | 080523e20000000AG |||||||||||||||||spa|d | ||
| 020 | |a 9505573707 | ||
| 082 | 0 | 4 | |a 577.14 |b MAR |2 21 |
| 100 | |a Mari, Eduardo Ambrosio |e autor |9 529721 | ||
| 245 | 1 | 3 | |a El ciclo de la tierra: minerales, materiales, reciclado, contaminación ambiental |
| 250 | |a 1a. ed | ||
| 300 | |a 141 p | ||
| 942 | |c BK | ||
| 945 | |d 20080523 00:00:00 |a jtorresc | ||
| 260 | |a Buenos Aires |b Fondo de Cultura Económica |c 2000 | ||
| 650 | 0 | |a Medio ambiente |9 257625 | |
| 650 | 7 | |a BIOGEOQUIMICA |2 CL-VaPUC |9 262126 | |
| 650 | 0 | |a Ecología |9 258124 | |
| 650 | 7 | |a BIOSFERA |2 CL-VaPUC |9 264378 | |
| 650 | 0 | |a Litósfera |9 453836 | |
| 583 | |a last modification |c 20080523 00:00:00 |k Rodrigo Vera | ||
| 490 | 0 | |a Colección Popular, 581 | |
| 999 | |c 330189 |d 330187 | ||
| 952 | |0 0 |1 0 |2 ddc |4 0 |6 577_140000000000000_MAR_2000 |7 0 |8 CCM |9 415612 |a BIBCUR |b BIBCUR |d 2019-11-22 |i 4441982 |o 577.14 MAR 2000 |p 4441982 |r 2025-04-22 |w 2019-11-22 |y BK |k CIM | ||
| 952 | |0 0 |1 0 |2 ddc |4 0 |6 577_140000000000000_MAR_2000 |7 0 |8 CCM |9 415614 |a BIBCUR |b BIBCUR |c PAC |d 2019-11-22 |i 4442008 |o 577.14 MAR 2000 |p 4442008 |r 2025-04-22 |w 2019-11-22 |y BK |k CIM | ||